Conservación de monumentos y zonas monumentales (Record no. 2100)

MARC details
000 -CABECERA
campo de control de longitud fija 00785nam a2200241 a 4500
001 - NÚMERO DE CONTROL
campo de control BRCA_2359
005 - FECHA Y HORA DE LA ÚLTIMA TRANSACCIÓN
campo de control 20190320203755.0
008 - DATOS DE LONGITUD FIJA--INFORMACIÓN GENERAL
campo de control de longitud fija 291008s1976----mx-a---###---#000-0#spa-#
041 ## - CÓDIGO DE LENGUA
Código de lengua del texto/banda sonora o título independiente spa
044 ## - CÓDIGO DEL PAÍS DE LA ENTIDAD EDITORA/PRODUCTORA
Código MARC del país mx
050 #4 - SIGNATURA TOPOGRÁFICA DE LA BIBLIOTECA DEL CONGRESO
Número de clasificación CC135
Número de documento/Ítem .C57 1976
245 10 - MENCIÓN DE TÍTULO
Título Conservación de monumentos y zonas monumentales
Mención de responsabilidad, etc. Salvador Díaz-Berrio Fernández ; colaboración de Olga Orive y Francisco Zamora.
260 ## - PUBLICACIÓN, DISTRIBUCIÓN, ETC.
Lugar de publicación, distribución, etc. México
Nombre del editor, distribuidor, etc. SEP
Fecha de publicación, distribución, etc. 1976
300 ## - DESCRIPCIÓN FÍSICA
Extensión 222 p.
Otras características físicas il.
Dimensiones 22 cm.
500 ## - NOTA GENERAL
Nota general Ejemplar engargolado
500 ## - NOTA GENERAL
Nota general Por política no se presta a domicilio
650 14 - PUNTO DE ACCESO ADICIONAL DE MATERIA--TÉRMINO DE MATERIA
Término de materia o nombre geográfico como elemento de entrada Sitios Históricos
Subdivisión general Conservación y restauración
9 (RLIN) 260
700 1# - PUNTO DE ACCESO ADICIONAL--NOMBRE DE PERSONA
Nombre de persona Díaz-Berrio Fernández, Salvador
9 (RLIN) 7072
700 1# - PUNTO DE ACCESO ADICIONAL--NOMBRE DE PERSONA
Nombre de persona Orive, Olga
9 (RLIN) 7073
700 1# - PUNTO DE ACCESO ADICIONAL--NOMBRE DE PERSONA
Nombre de persona Zamora, Francisco
9 (RLIN) 7074
902 ## - CATALOGADOR
Iniciales eng
942 ## - ELEMENTOS DE PUNTO DE ACCESO ADICIONAL (KOHA)
Fuente del sistema de clasificación o colocación Library of Congress Classification
Tipo de ítem Koha Libros
Holdings
Estado de retiro Estado de pérdida Estado dañado No para préstamo Localización permanente Ubicación/localización actual Fecha de adquisición Total de préstamos Signatura topográfica completa Código de barras Fecha visto por última vez Precio válido a partir de Tipo de ítem Koha
El ejemplar forma parte de la colección y puede ser consultado según las políticas vigentes.       Biblioteca del Museo Franz Mayer (Rogerio Casas-Alatriste) Biblioteca del Museo Franz Mayer (Rogerio Casas-Alatriste) 29/10/2008   CC135 .C57 1976 ENG00024 22/03/2019 22/03/2019 Libros